000 00363nam a22001457a 4500
999 _c14583
_d14583
020 _a0073301124
022 _a978-0073301129
082 _a627CIM
100 _aCimbala Johan M
245 _aEssential of Fluid Mechanic Fundamentals and Applications
260 _aNew Delhi
_bMcGraw Hill
_c2013
300 _a584p
_eCD
650 _aFluid Mechanic
942 _cBK